00201nam a2200085Ia 4500008004100000100001900041245002200060260001500082260001800097170620s9999 xx 000 0 und d aDR. DEEPASHREE 0aGENERAL ECONOMICS b"NEW DELHI cMC GRAW HILL"